A short history of Soviet society /

Bibliographic Details
Main Author: Poli︠a︡kov, I︠U︡riĭ Aleksandrovich
Other Authors: Lelʹchuk, V. S. (Vitaliĭ Semenovich), Protopopov, A. S. (Anatoliĭ Sergeevich)
Format: Book
Language:English
Russian
Published: Moscow : Progress, 1977.
Series:Books about the USSR
Subjects:

MARC

Tag First Indicator Second Indicator Subfields
LEADER 00000cam a2200000 a 4500
001 in00000070871
005 20151008061937.0
008 791015s1977 rurabcf b 00010 engm
010 |a  79317170  
015 |a USSR*** 
035 |a (OCoLC)05727603 
035 |9 AAJ9189AM 
040 |a DLC  |c DLC  |d TXA  |d UtOrBLW 
041 1 |a eng  |a rus 
043 |a e-ur--- 
049 |a TXAM  |c [1195563] 
050 0 0 |a DK266  |b .P61313 
082 0 |a 947.084 
100 1 |a Poli︠a︡kov, I︠U︡riĭ Aleksandrovich. 
245 1 2 |a A short history of Soviet society /  |c Y. Polyakov, V. Lelchuk, A. Protopopov ; edited by Y. Polyakov ; [translated from the Russian by Katherine Judelson, Anatoly Bratov, and David Fidlon]. 
264 1 |a Moscow :  |b Progress,  |c 1977. 
300 |a 661 pages, 2 unnumbered leaves of plates (1 folded) :  |b illustrations, map, portrait ;  |c 12 cm. 
336 |a text  |b txt  |2 rdacontent 
337 |a unmediated  |b n  |2 rdamedia 
338 |a volume  |b nc  |2 rdacarrier 
490 0 |a Books about the USSR 
504 |a Includes bibliographical references. 
651 0 |a Soviet Union  |x History. 
700 1 |a Lelʹchuk, V. S.  |q (Vitaliĭ Semenovich) 
700 1 |a Protopopov, A. S.  |q (Anatoliĭ Sergeevich) 
999 |a MARS 
999 f f |s bc05971b-bc98-3ab4-9489-0c7faf3b1ea7  |i b0a3d7c8-e072-332f-9478-87ce00e4c045  |t 0 
952 f f |p ric  |a Texas A&M University  |b Rellis Campus  |c Joint Library Facility  |d Remote Storage  |t 0  |e DK266 .P61313  |h Library of Congress classification  |i unmediated -- volume  |m A14806099347 
998 f f |a DK266 .P61313  |t 0  |l Remote Storage